Toronto Raptors 2018-19 Roster - Statistics

General Stats
  • This quiz has been taken 543 times
  • The average score is 10 of 17
Answer Stats
Nbr Post Player % Correct
2 SF Kawhi Leonard
98%
7 PG Kyle Lowry
97%
43 PF Pascal Siakam
91%
23 PG Fred VanVleet
87%
9 PF Serge Ibaka
83%
14 SG Danny Green
77%
- Head Coach Nick Nurse
77%
3 SF OG Anunoby
73%
17 C Jonas Valanciunas
71%
24 SF Norman Powell
65%
25 PF Chris Boucher
57%
55 PG Delon Wright
44%
0 SF CJ Miles
39%
15 C Greg Monroe
22%
4 PG Lorenzo Brown
18%
8 PG Jordan Loyd
17%
22 SG Malachi Richardson
14%
No matching quizzes found
Score Distribution
Percent of People with Each Score
Percentile by Number Answered
Your Score History
You have not taken this quiz